Countries Closest to an Unknown Country A-Z #9 - Statistics

General Stats
  • This quiz has been taken 47 times
  • The average score is 22 of 25
Answer Stats
Country % Correct
Y Yemen
97%
Z Zimbabwe
94%
B Brazil|Bolivia
92%
Q Qatar
92%
A Argentina
89%
C Chile
89%
D Dominican Republic
89%
E Ecuador
89%
O Oman
89%
U Uruguay
89%
V Venezuela
89%
J Jamaica
86%
M Mexico
86%
P Peru
86%
F French Guiana
83%
G Guyana
83%
L Liberia
83%
S Suriname
83%
T Trinidad and Tobago
83%
H Haiti
81%
I Ireland
81%
K Kenya
81%
N Nicaragua
81%
R Rwanda
81%
PARAGUAY
78%
No matching quizzes found
Score Distribution
Percent of People with Each Score
Percentile by Number Answered
Your Score History
You have not taken this quiz